| 000 | 00666nam a22002057a 4500 | ||
|---|---|---|---|
| 003 | OSt | ||
| 005 | 20260422031546.0 | ||
| 008 | 251112b |||||||| |||| 00| 0 eng d | ||
| 020 | _a13 : 978-0-495-10029-4. | ||
| 040 |
_aDWCL-Main lib _cOC |
||
| 082 |
_26th ed. _aGr. 616.89 J28c 2008 |
||
| 100 | _aJames, Richard K. | ||
| 245 |
_aCrisis intervention strategies/ _cRichard K. James |
||
| 250 | _a6th ed. | ||
| 260 |
_aAustralia : _bThomson Brooks/Cole, _cc2008. |
||
| 300 |
_axxvi, 644 pages ; _c24 cm. |
||
| 504 | _aIncludes bibliographical references & index. | ||
| 650 | _21. Crisis intervention (Mental health services). | ||
| 942 |
_2ddc _cBK-GR _e6th ed. _kGr. _n0 |
||
| 999 |
_c5659 _d5659 |
||